Countries that have Controlled Baghdad - Statistics

General Stats
  • This quiz has been taken 36 times
    24 since last reset
  • The average score is 13 of 25
Answer Stats
Years Country % Correct
945 - 1056 Buyid Dynasty (Iraq)
100%
1932 - Now Iraq
100%
1556 - 1917 Ottoman Empire
94%
539BC - 336BC Achaemenid Empire
89%
1920 - 1932 British Empire
89%
661 - 750 Umayyad Caliphate
72%
750 - 945 Abbasid Caliphate
67%
1096 - 1258 Abbasid Caliphate
67%
336BC - 323BC Macedonia
67%
2025BC - 609BC Assyrian Empire
61%
612BC - 539BC Babylon
56%
1258 - 1260 Mongol Empire
56%
1260 - 1335 IlKhanate
50%
147BC - 225 Parthia
50%
646 - 661 Rashidun Caliphate
50%
312BC -147BC Seleucid Empire
44%
1389 - 1405 Timurids
39%
1505 - 1556 Safavid Empire
33%
2300BC - 2153BC Akkadian Empire
28%
225 - 646 Sasanian Empire
28%
1432 - 1505 Aq Qoyunlu
11%
1335 - 1389 Jalayirid Sultanate
6%
1405 - 1432 Jalayirid Sultanate
6%
1917 - 1920 Occupied
0%
1056 - 1096 Uqaylid Dynasty
0%
No matching quizzes found
Score Distribution
Percent of People with Each Score
Percentile by Number Answered
Your Score History
You have not taken this quiz since the last reset